Stochastic processes and applications in biology and medicine /

Guardado en:
Autor Principal: Iosifescu, Marius.
Otros Autores: Tautu, Petre.
Formato: Libro
Idioma:English
Publicado: Bucuresti : Berlin : Editura Academiei ; Springer-Verlag, 1973.
Series:Biomathematics ; v. 3-4
Biomathematics ; v. 3-4.
Materias:
Etiquetas: Agregar Etiqueta
Sin Etiquetas, Sea el primero en etiquetar este registro!
LEADER 01484cam a22003735a 4500
001 MAT.inmabb002251
008 740319s1973####rm#######b####001#0#eng#d
005 20170511173704.0
245 1 0 |a Stochastic processes and applications in biology and medicine /  |c M. Iosifescu, P. Tautu. 
260 |a Bucuresti :  |b Editura Academiei ;  |a Berlin :  |b Springer-Verlag,  |c 1973. 
300 |a 2 v. ;  |c 24 cm. 
440 0 |a Biomathematics ;  |v v. 3-4 
500 |a Basado en: Procese stohastice si aplicatii în biologie si medicina. Bucuresti : Editura Academiei, 1968. 
504 |a Bibliografía: v. 1, p. [146]-162, p. [303]-320; v. 2, p. [278]-321. 
505 0 |a v. 1. Theory -- v. 2. Models. 
510 4 |a MR,  |c 50 #3347 
020 |a 354006270X (v. 1, Berlin) 
020 |a 038706270X (v. 1, New York) 
020 |a 3540062718 (v. 2, Berlin) 
020 |a 0387062718 (v. 2, New York) 
100 1 |a Iosifescu, Marius. 
700 1 |a Tautu, Petre. 
700 1 |a Iosifescu, Marius.  |t Procese stohastice si aplicatii în biologie si medicina. 
830 0 |a Biomathematics ;  |v v. 3-4. 
650 0 |a Biometry. 
650 0 |a Medical statistics. 
650 0 |a Stochastic processes. 
084 |a 60JXX (92-XX)  |2 MR 
010 |a  73077733  
044 |a rm  |a gw 
859 |h 60  |i Io64  |p A-3918  |v 1  |3 v.1  |b BIB. MATEMATICA 
859 |h 60  |i Io64  |p A-4289  |t Ej.2  |v 1  |3 v.1  |b BIB. MATEMATICA 
859 |h 60  |i Io64  |p A-3919  |v 2  |3 v.2  |b BIB. MATEMATICA 
859 |h 60  |i Io64  |p A-4290  |t Ej.2  |v 2  |3 v.2  |b BIB. MATEMATICA